History by Images - 'Z' - Statistics

General Stats
  • This quiz has been taken 38 times
  • The average score is 7 of 16
Answer Stats
Picture Hint Answer % Correct
Hindenburg Zeppelin
97%
Southern Rhodesia Zimbabwe
97%
12th U.S. President Zachary Taylor
64%
Buddhism founded by Bodhidharma Zen
64%
'Gradec' and 'Kaptol' Zagreb
61%
Founder of ___ Empire Zulu
61%
Iranian religious reformer Zoroaster
58%
Ancient Mesopotamian structure Ziggurat
56%
1964 island revolution in ___ Zanzibar
53%
Jebusite fortress was built on Zion Hill
44%
Hellenistic philosopher Zeno of Citium
31%
Civilization in the Valley of Oaxaca Zapotec
14%
Third century Palmyrene queen Zenobia
14%
China's longest lasting dynasty Zhou
11%
Last Mughal empress Zeenat Mahal
0%
Medieval Armenian cathedral Zvartnots
0%
No matching quizzes found
Score Distribution
Percent of People with Each Score
Percentile by Number Answered
Your Score History
You have not taken this quiz